Webová aplikácia ako pomôcka pre výučbu logických obvodov

Salvato in:
Dettagli Bibliografici
Autore principale: Frankovičová, Ivana (Autore)
Altri autori: Krištofík, Štefan (Relatore della tesi)
Natura: Manoscritto Libro
Lingua:slovacco
Pubblicazione: 2020
Soggetti:
Accesso online:http://is.stuba.sk/zp/portal_zp.pl?podrobnosti=134768
Tags: Aggiungi Tag
Nessun Tag, puoi essere il primo ad aggiungerne!!

MARC

LEADER 00000ntm a22000003a 4500
001 stuzp80526
003 SK-STU
005 20200620211657.1
007 ta
008 150427s2015----xo-----f-mn---000-0-slo-d
040 |a STU  |b slo 
041 0 |a slo 
100 1 |a Frankovičová, Ivana  |u 070400  |4 aut  |U FIIT Fakulta informatiky a informačných technológií  |T FIIT Ústav počítačového inžinierstva a aplikovanej informatiky  |X 85823  |U I400  |Y 672  |7 85823 
242 0 1 |a Web application as an aid for logic circuits teaching  |y eng 
245 1 0 |a Webová aplikácia ako pomôcka pre výučbu logických obvodov 
260 |c 2020 
650 4 |a webová aplikácia  |2 slo 
650 4 |a generátor testov  |2 slo 
650 4 |a ASP.NET Core MVC  |2 slo 
650 4 |a web application  |2 eng 
650 4 |a tests generator  |2 eng 
650 4 |a ASP.NET Core MVC  |2 eng 
700 1 |a Krištofík, Štefan  |u 070400  |k Z8  |4 ths  |U FIIT Fakulta informatiky a informačných technológií  |T FIIT Ústav počítačového inžinierstva a aplikovanej informatiky  |X 24559  |U I400  |Y 672  |7 A000024559 
856 4 |u http://is.stuba.sk/zp/portal_zp.pl?podrobnosti=134768